Tilastot visalle Maailman pisimmät joet kartalla

Klikkaa tästä pelataksesi tätä visaa!

Yleistilastot

  • Tätä visaa on pelattu 2 253 kertaa
  • Keskiarvotulos 7 / 15

Vastaukset kartalla

Vastauksille on annettu kartalla punavihreä väri sen mukaan, kuinka moni on saanut sen oikein.
 

Vastaustilastot

Joki% Oikein
Niili
93%
Amazon
91%
Mississippi
81%
Keltainenjoki
59%
Jangtse
48%
Kongo
46%
Niger
41%
Missouri
40%
Lena
38%
Ob
35%
Mekong
33%
Amur
28%
Jenisei
28%
Paraná
19%
Mackenzie
17%

Tulosjakauma

Persentiili vastausten määrän mukaan

Jokaisen tuloksen saaneiden osuus

Tuloshistoriasi

Et ole pelannut tätä visaa